Multi sensor data fusion with MATLAB (Record no. 11423)

000 -LEADER
fixed length control field 00556cam a2200193 a 4500
020 ## - INTERNATIONAL STANDARD BOOK NUMBER
International Standard Book Number 9781439800034
020 ## - INTERNATIONAL STANDARD BOOK NUMBER
International Standard Book Number 1439800030
040 ## - CATALOGING SOURCE
Original cataloging agency DLC
Transcribing agency DLC
082 00 - DEWEY DECIMAL CLASSIFICATION NUMBER
Classification number 681.2
Edition number 22
100 1# - MAIN ENTRY--PERSONAL NAME
Personal name Raol, J. R.
245 10 - TITLE STATEMENT
Title Multi sensor data fusion with MATLAB
Statement of responsibility, etc. Jitendra R. Raol.
260 ## - PUBLICATION, DISTRIBUTION, ETC.
Place of publication, distribution, etc. Boca Raton :
Name of publisher, distributor, etc. CRC Press,
Date of publication, distribution, etc. c2010.
300 ## - PHYSICAL DESCRIPTION
Extent xxxiii, 534 p. :
Other physical details ill. ;
Dimensions 24 cm.
504 ## - BIBLIOGRAPHY, ETC. NOTE
Bibliography, etc. note Includes bibliographical references and index.
630 00 - SUBJECT ADDED ENTRY--UNIFORM TITLE
Uniform title MATLAB.
650 #0 - SUBJECT ADDED ENTRY--TOPICAL TERM
Topical term or geographic name entry element Multisensor data fusion
General subdivision Data processing.
650 #0 - SUBJECT ADDED ENTRY--TOPICAL TERM
Topical term or geographic name entry element Detectors.
942 ## - ADDED ENTRY ELEMENTS (KOHA)
Source of classification or shelving scheme
Koha item type Book
Holdings
Withdrawn status Lost status Damaged status Not for loan Collection code Permanent Location Current Location Shelving location Date acquired Source of acquisition Cost, normal purchase price Total Checkouts Total Renewals Full call number Barcode Date last seen Date last checked out Price effective from Koha item type
          Central Library (CL) Central Library (CL) General Stacks 11/12/2012 A&J DEF TEK Consultants 10969.78 2 1 681.2 RAO SEECS011651 07/27/2022 11/21/2019 01/05/2017 Book
© 2023 Central Library, National University of Sciences and Technology. All Rights Reserved.